Gumersindo del Valle y Huerta : (Record no. 190584)

MARC details
000 -LEADER
campo de control de longitud fija 01258nam a2200289 i 4500
001 - NÚMERO DE CONTROL
campo de control 190584
003 - IDENTIFICADOR DE NÚMERO DE CONTROL
campo de control ES-MaACL
005 - FECHA Y HORA DE LA ÚLTIMA TRANSACCIÓN
campo de control 20251010184609.0
008 - DATOS DE LONGITUD FIJA--INFORMACIÓN GENERAL
campo de control de longitud fija 220105s2017 sp a 000 0dspa
020 ## - NÚMERO INTERNACIONAL ESTÁNDAR DEL LIBRO
Número Internacional Estándar del Libro 978-84-17130-32-9
080 ## - NÚMERO DE LA CLASIFICACIÓN DECIMAL UNIVERSAL
Número de la Clasificación Decimal Universal 929:61 Valle y Huerta, Gumersindo del
100 1# - ENTRADA PRINCIPAL--NOMBRE DE PERSONA
Nombre de persona Llavona Uribelarrea, Miguel Ángel.
9 (RLIN) 173994
245 10 - MENCIÓN DEL TÍTULO
Título Gumersindo del Valle y Huerta :
Resto del título Frieres (Langreo) 1845-Madrid 1900 /
Mención de responsabilidad, etc. Miguel Ángel Llavona Uribelarrea, Rafael Llavona Uribelarrea.
260 ## - PUBLICACIÓN, DISTRIBUCIÓN, ETC.
Lugar de publicación, distribución, etc. Oviedo :
Nombre del editor, distribuidor, etc. Hifer,
Fecha de publicación, distribución, etc. 2017.
300 ## - DESCRIPCIÓN FÍSICA
Extensión 694 p. :
Otras características físicas il. ;
Dimensiones 24 cm.
504 ## - NOTA DE BIBLIOGRAFÍA, ETC.
Nota de bibliografía, etc. Bibliografía: p. 645-694.
505 8# - NOTA DE CONTENIDO CON FORMATO
Nota de contenido con formato Contiene: Gumersindo del Valle y García, p. 565-644
600 14 - PUNTO DE ACCESO ADICIONAL DE MATERIA--NOMBRE DE PERSONA
Nombre de persona Valle y Huerta, Gumersindo del,
Fechas asociadas al nombre 1849-1900
9 (RLIN) 133514
600 14 - PUNTO DE ACCESO ADICIONAL DE MATERIA--NOMBRE DE PERSONA
Nombre de persona Valle García, Gumersindo del,
Fechas asociadas al nombre 1884-1922
9 (RLIN) 173995
700 1# - ENTRADA AGREGADA--NOMBRE PERSONAL
Nombre de persona Llavona Uribelarrea, Rafael,
Fechas asociadas al nombre 1944-
9 (RLIN) 173993
852 4# - LOCALIZACIÓN
Ubicación ES-MaACL
Número de control de estantería A-14845
itemnumber 197762
Sublocalización o colección R.152351
Ubicación en estantería Depósito 1
Signatura antigua Olim: N-7845
Donativo/Legado Donación: Rafael Llavona Uribelarrea y Miguel Ángel Llavona Uribelarrea
903 ## - NOMBRE PERSONAL DE DONANTE
a Llavona Uribelarrea, Rafael,
d 1944-
e Donante
9 173993
903 ## - NOMBRE PERSONAL DE DONANTE
9 173994
a Llavona Uribelarrea, Miguel Ángel
e Donante
942 ## - ELEMENTOS DE ENTRADA SECUNDARIOS (KOHA)
Fuente del sistema de clasificación o colocación Clasificación decimal universal
Tipo de ítem Koha Libro impreso
Holdings
Estatus retirado Estado de pérdida Fuente del sistema de clasificación o colocación Estado de daño No para préstamo Biblioteca de origen Biblioteca actual Ubicación en estantería Fecha de adquisición Fuente de adquisición Total de préstamos Signatura topográfica completa Código de barras Visto por última vez Precio de reemplazo Tipo de ítem Koha
    Clasificación decimal universal     Biblioteca del Ateneo de Madrid Biblioteca del Ateneo de Madrid Depósito 1 05/01/2022 Donación   A-14845 1202799 23/02/2023 23/02/2023 Libro impreso